[Event "Paris Barreau 4th"]
[Site "Paris"]
[Date "2023.09.04"]
[Round "3"]
[White "Bassini, Emile"]
[Black "Lazo, Andrei"]
[Result "1-0"]
[WhiteElo "2382"]
[BlackElo "2212"]
[PlyCount "71"]
[EventDate "2023.09.03"]
[EventType "tourn"]
[EventRounds "9"]
[EventCountry "FRA"]
[EventCategory "4"]
[SourceTitle "EXT 2024"]
[Source "ChessBase"]
[SourceDate "2023.10.10"]
[SourceVersion "1"]
[SourceVersionDate "2023.10.10"]
[SourceQuality "1"]

1. e4 e6 2. d4 d5 3. Nc3 Nf6 4. e5 Nfd7 5. f4 c5 6. Nf3 Nc6 7. Be3 h6 8. Qd2 g5 9. dxc5 gxf4 10. Bxf4 a6 11. 0-0-0 Nxc5 12. Kb1 b5 13. Bd3 Qa5 14. Rhf1 Na4 15. Ne2 Qxd2 16. Rxd2 Bd7 17. Ned4 Bc5 18. Nxc6 Bxc6 19. c3 b4 20. cxb4 Bxb4 21. Rc2 Nc5 22. Rxc5 Bxc5 23. Rc1 Be7 24. Rxc6 a5 25. Bb5 Kf8 26. Rc7 Rb8 27. a4 Bd8 28. Rc3 Bb6 29. Nd2 h5 30. h4 Rb7 31. Bg5 Rc7 32. Rd3 Rc8 33. Nb3 Rg8 34. Nd4 Bd8 35. Bh6+ Ke7 36. Nc6+ 1-0

[Event "Paris Barreau 4th"]
[Site "Paris"]
[Date "2023.09.04"]
[Round "2"]
[White "Navrotescu, Andreea Cristiana"]
[Black "Bassini, Emile"]
[Result "1/2-1/2"]
[WhiteElo "2228"]
[BlackElo "2382"]
[PlyCount "67"]
[EventDate "2023.09.03"]
[EventType "tourn"]
[EventRounds "9"]
[EventCountry "FRA"]
[EventCategory "4"]
[SourceTitle "EXT 2024"]
[Source "ChessBase"]
[SourceDate "2023.10.10"]
[SourceVersion "1"]
[SourceVersionDate "2023.10.10"]
[SourceQuality "1"]

1. c4 Nf6 2. Nc3 g6 3. e4 d6 4. d4 Bg7 5. Nf3 0-0 6. h3 e5 7. d5 a5 8. Be3 Na6 9. g4 Nd7 10. h4 f5 11. gxf5 gxf5 12. Ng5 f4 13. Ne6 Qf6 14. Bd2 Rf7 15. Bh3 Ndc5 16. Nxc5 Nxc5 17. Bxc8 Rxc8 18. Qf3 Kh8 19. 0-0-0 Rg8 20. Rdg1 Bf8 21. Rxg8+ Kxg8 22. Rg1+ Rg7 23. Rxg7+ Kxg7 24. h5 Qh4 25. Kc2 Kh6 26. Qg2 Qxh5 27. f3 Qg5 28. Qh3+ Kg7 29. Nb5 Qg3 30. Qh5 c6 31. Nc7 Qg6 32. Qh3 Qg3 33. Qh5 Qg6 34. Qh3 1/2-1/2

[Event "FRA-ch U20"]
[Site "Agen"]
[Date "2023.04.29"]
[Round "8"]
[White "Bassini, Emile"]
[Black "Girel, Joseph"]
[Result "1/2-1/2"]
[WhiteElo "2373"]
[BlackElo "2395"]
[PlyCount "95"]
[EventDate "2023.04.23"]
[EventType "swiss"]
[EventRounds "9"]
[EventCountry "FRA"]
[SourceTitle "CBM 213 Extra"]
[Source "ChessBase"]
[SourceDate "2023.05.31"]
[SourceVersion "1"]
[SourceVersionDate "2023.05.31"]
[SourceQuality "1"]

1. e4 c5 2. Nf3 Nc6 3. d4 cxd4 4. Nxd4 Nf6 5. Nc3 e5 6. Ndb5 d6 7. Bg5 a6 8. Na3 b5 9. Nd5 Be7 10. Bxf6 Bxf6 11. c3 Ne7 12. Nxf6+ gxf6 13. Bd3 Bb7 14. Nc2 d5 15. Qe2 f5 16. 0-0-0 fxe4 17. Bxe4 Qc7 18. Bf3 0-0-0 19. Rhe1 e4 20. g3 Nc6 21. Bg4+ Kb8 22. f4 h5 23. Bf5 h4 24. Kb1 hxg3 25. hxg3 Na5 26. Ne3 Nc4 27. Rd4 Nxe3 28. Qxe3 Rh2 29. a4 Bc6 30. Red1 Rdh8 31. R4d2 Qa7 32. Rd4 Rg2 33. Ka1 Rhh2 34. Bxe4 Re2 35. Qd3 Rxb2 36. Bxd5 Qc5 37. Rb4 Rxb4 38. cxb4 Qxb4 39. Qb3 Qxb3 40. Bxb3 Rg2 41. axb5 axb5 42. Bd5 Bxd5 43. Rxd5 Rxg3 44. Rxb5+ Kc7 45. Rf5 Rg7 46. Kb2 Kd6 47. Kc3 Ke6 48. Re5+ 1/2-1/2

[Event "FRA-ch U20"]
[Site "Agen"]
[Date "2023.04.27"]
[Round "6"]
[White "Bassini, Emile"]
[Black "Harutyunyan, Safar"]
[Result "1-0"]
[WhiteElo "2373"]
[BlackElo "2330"]
[PlyCount "36"]
[EventDate "2023.04.23"]
[EventType "swiss"]
[EventRounds "9"]
[EventCountry "FRA"]
[SourceTitle "CBM 213 Extra"]
[Source "ChessBase"]
[SourceDate "2023.05.31"]
[SourceVersion "1"]
[SourceVersionDate "2023.05.31"]
[SourceQuality "1"]

1. e4 c5 2. Nf3 d6 3. d4 cxd4 4. Nxd4 Nf6 5. Nc3 a6 6. h3 e5 7. Nde2 h5 8. Bg5 Be7 9. Ng3 g6 10. Bc4 Nc6 11. a3 0-0 12. 0-0 b5 13. Ba2 Be6 14. Bxf6 Bxf6 15. Nd5 Bg7 16. c3 Ne7 17. Qd3 Ra7 18. Rad1 Rd7 1-0

[Event "FRA-ch U20"]
[Site "Agen"]
[Date "2023.04.26"]
[Round "5"]
[White "Saya, Ethan"]
[Black "Bassini, Emile"]
[Result "0-1"]
[WhiteElo "2179"]
[BlackElo "2373"]
[PlyCount "60"]
[EventDate "2023.04.23"]
[EventType "swiss"]
[EventRounds "9"]
[EventCountry "FRA"]
[SourceTitle "CBM 213 Extra"]
[Source "ChessBase"]
[SourceDate "2023.05.31"]
[SourceVersion "1"]
[SourceVersionDate "2023.05.31"]
[SourceQuality "1"]

1. d4 Nf6 2. c4 e6 3. g3 d5 4. Nf3 Bb4+ 5. Nbd2 0-0 6. Bg2 dxc4 7. Qc2 a5 8. Qxc4 b6 9. a3 Be7 10. Ne5 Ra7 11. Ndf3 Ba6 12. Qb3 c5 13. Ng5 Qxd4 14. Ngxf7 Rxf7 15. Nxf7 Kxf7 16. Qxb6 Qe5 17. 0-0 Qc7 18. Qb3 Nc6 19. Bf4 Nd4 20. Bxc7 Nxb3 21. Bb6 Rd7 22. Rad1 Nd5 23. Bxd5 exd5 24. Rfe1 d4 25. e4 Rb7 26. Bxa5 Nxa5 27. b4 Nc4 28. e5 Ke6 29. Re4 Nxa3 30. bxc5 Bxc5 0-1

[Event "FRA-ch U20"]
[Site "Agen"]
[Date "2023.04.24"]
[Round "3"]
[White "Defromont, Benjamin"]
[Black "Bassini, Emile"]
[Result "1-0"]
[WhiteElo "2289"]
[BlackElo "2373"]
[PlyCount "63"]
[EventDate "2023.04.23"]
[EventType "swiss"]
[EventRounds "9"]
[EventCountry "FRA"]
[SourceTitle "CBM 213 Extra"]
[Source "ChessBase"]
[SourceDate "2023.05.31"]
[SourceVersion "1"]
[SourceVersionDate "2023.05.31"]
[SourceQuality "1"]

1. e4 c5 2. Nf3 d6 3. Bb5+ Nd7 4. 0-0 a6 5. Bd3 Ngf6 6. Re1 e6 7. c3 b5 8. a4 Bb7 9. Bc2 c4 10. d4 cxd3 11. Qxd3 Nc5 12. Qe2 bxa4 13. Rxa4 Be7 14. Rd4 Qc7 15. e5 dxe5 16. Nxe5 Bd6 17. Bf4 Nd5 18. Bg3 f6 19. Qh5+ Ke7 20. b4 Bxe5 21. Rxe5 fxe5 22. Bxe5 Qd7 23. bxc5 Rac8 24. Bd6+ Kd8 25. Qh4+ Ke8 26. Nd2 Nf6 27. Nc4 Bd5 28. Ne5 Qa7 29. Rxd5 exd5 30. Qa4+ Nd7 31. Bf5 Rd8 32. Qc6 1-0

[Event "Lyon ECAM IM"]
[Site "Lyon"]
[Date "2023.04.12"]
[Round "4"]
[White "Kuhn, Clement"]
[Black "Bassini, Emile"]
[Result "0-1"]
[WhiteElo "2317"]
[BlackElo "2373"]
[PlyCount "62"]
[EventDate "2023.04.10"]
[EventType "tourn"]
[EventRounds "9"]
[EventCountry "FRA"]
[EventCategory "5"]
[SourceTitle "CBM 213 Extra"]
[Source "ChessBase"]
[SourceDate "2023.05.31"]
[SourceVersion "1"]
[SourceVersionDate "2023.05.31"]
[SourceQuality "1"]

1. e4 e5 2. Nf3 Nc6 3. d4 exd4 4. Bc4 Nf6 5. e5 Ne4 6. 0-0 Be7 7. Re1 d5 8. exd6 Nxd6 9. Bd5 0-0 10. Bxc6 bxc6 11. Nxd4 Bd7 12. Qf3 Bf6 13. Nxc6 Re8 14. Rf1 Qc8 15. Nd2 a5 16. c3 Qa6 17. Nd4 Bxd4 18. cxd4 Bb5 19. Qd1 Be2 20. Qe1 Bh5 21. Ne4 Rxe4 22. Qc3 Qc4 23. Qg3 Nf5 24. Qg5 Bg6 25. b3 Qxd4 26. Ba3 Rg4 27. Qc1 Rxg2+ 28. Kxg2 Qg4+ 29. Kh1 Qf3+ 30. Kg1 Nh4 31. Qg5 Be4 0-1

[Event "Cassis op 1st"]
[Site "Cassis"]
[Date "2022.05.28"]
[Round "5"]
[White "Bassini, Emile"]
[Black "Bonnafous, Michel"]
[Result "1-0"]
[WhiteElo "2221"]
[BlackElo "1915"]
[PlyCount "113"]
[EventDate "2022.05.26"]
[EventType "swiss"]
[EventRounds "7"]
[EventCountry "FRA"]
[SourceTitle "CBM 208 Extra"]
[Source "ChessBase"]
[SourceDate "2022.07.31"]
[SourceVersion "1"]
[SourceVersionDate "2022.07.31"]
[SourceQuality "1"]

1. d4 f5 2. c4 Nf6 3. Nf3 d6 4. g3 g6 5. Bg2 Bg7 6. 0-0 0-0 7. Nc3 Nc6 8. d5 Ne5 9. Qb3 Ned7 10. Be3 Ng4 11. Bd4 Bxd4 12. Nxd4 Nc5 13. Qc2 e5 14. dxe6 c6 15. Rad1 Nxe6 16. Qd2 Qf6 17. Nxe6 Bxe6 18. Qxd6 Bxc4 19. Qb4 Qf7 20. Rd4 Be6 21. Rfd1 Nf6 22. b3 Rac8 23. Rd6 Rc7 24. Qa5 Re7 25. Qxa7 Ree8 26. Qd4 Qe7 27. Qe5 Ng4 28. Qf4 Nf6 29. Bf3 Rd8 30. h4 Rxd6 31. Qxd6 Qxd6 32. Rxd6 Kf7 33. Rd4 Re8 34. Ra4 Re7 35. Ra7 Rd7 36. Kf1 Ke7 37. Ke1 Kd6 38. Ra8 Bd5 39. Nxd5 cxd5 40. Rc8 Re7 41. Kd2 Nd7 42. Rd8 Kc7 43. Rg8 Kd6 44. h5 Nf6 45. Rf8 Ke6 46. hxg6 hxg6 47. Rc8 Rd7 48. Rc5 Ng8 49. a4 Ne7 50. a5 Rd6 51. Rb5 Nc6 52. b4 Nd8 53. Kd3 Ke5 54. Bg2 Ke6 55. f4 Rd7 56. Rb6+ Rd6 57. Kd4 1-0

[Event "Paris IM"]
[Site "Paris"]
[Date "2022.02.28"]
[Round "1"]
[White "Willems, Niels"]
[Black "Bassini, Emile"]
[Result "1-0"]
[WhiteElo "2279"]
[BlackElo "2287"]
[PlyCount "81"]
[EventDate "2022.02.28"]
[EventType "tourn"]
[EventRounds "9"]
[EventCountry "FRA"]
[EventCategory "5"]
[SourceTitle "CBM 207 Extra"]
[Source "ChessBase"]
[SourceDate "2022.05.31"]
[SourceVersion "1"]
[SourceVersionDate "2022.05.31"]
[SourceQuality "1"]

1. b3 d5 2. Bb2 e6 3. Nf3 Nf6 4. e3 Be7 5. c4 0-0 6. Nc3 b6 7. cxd5 exd5 8. Be2 c6 9. 0-0 Bd6 10. Qc2 Re8 11. Nd4 a6 12. Nf5 Bc7 13. Bf3 Re5 14. Ng3 Ng4 15. Nce2 Rg5 16. Bxg4 Bxg4 17. f3 Bc8 18. f4 Rg6 19. Nd4 c5 20. Ndf5 Nc6 21. d4 c4 22. bxc4 dxc4 23. Qxc4 b5 24. Qc2 Bb7 25. e4 Bb6 26. Kh1 Rc8 27. Qe2 Ne7 28. d5 Nxf5 29. Nxf5 h6 30. Rac1 Kh7 31. Bd4 Bxd4 32. Nxd4 Rxc1 33. Rxc1 Qh4 34. Qe3 Qe7 35. Nf5 Qb4 36. Qd4 Qa3 37. Rc2 Qa5 38. h3 Qe1+ 39. Kh2 Qb1 40. Rc7 Qxa2 41. Nh4 1-0

[Event "FRA-ch Blitz Online Qual"]
[Site "Europe Echecs INT"]
[Date "2020.05.16"]
[Round "7"]
[White "Bassini, Emile"]
[Black "Briand, Amaury"]
[Result "1-0"]
[WhiteElo "2288"]
[BlackElo "1929"]
[PlyCount "95"]
[EventDate "2020.05.16"]
[EventType "swiss (blitz)"]
[EventRounds "15"]
[EventCountry "FRA"]
[SourceTitle "CBM 196 Extra"]
[Source "ChessBase"]
[SourceDate "2020.07.31"]
[SourceVersion "1"]
[SourceVersionDate "2020.07.31"]
[SourceQuality "1"]

1. e4 e5 2. Nf3 Nc6 3. Bb5 Nf6 4. 0-0 Be7 5. Re1 d6 6. c3 0-0 7. d4 exd4 8. cxd4 a6 9. Ba4 b5 10. Bb3 d5 11. e5 Ne4 12. Nc3 Nxc3 13. bxc3 Be6 14. Bc2 Na5 15. Qd3 g6 16. Bh6 Re8 17. Qe3 Nc4 18. Qf4 Bf8 19. h4 Bxh6 20. Qxh6 f6 21. exf6 Qxf6 22. Ng5 Re7 23. Rxe6 Rxe6 24. Qxh7+ Kf8 25. Nxe6+ Qxe6 26. Qxg6 Qe2 27. Qf6+ Kg8 28. Bg6 Rf8 29. Bh7+ Kxh7 30. Qxf8 Nd2 31. h5 Ne4 32. Qf7+ Kh8 33. h6 Qg4 34. Qg7+ Qxg7 35. hxg7+ Kxg7 36. f3 Nxc3 37. Re1 Nxa2 38. Re7+ Kf6 39. Rxc7 Nb4 40. f4 Kf5 41. Rf7+ Ke4 42. g4 Kxd4 43. g5 Nc6 44. g6 Nd8 45. Rf6 b4 46. g7 b3 47. g8Q b2 48. Rb6 1-0

[Event "FRA-ch Blitz Online Qual"]
[Site "Europe Echecs INT"]
[Date "2020.05.16"]
[Round "6"]
[White "Ludwiczak, Virginie"]
[Black "Bassini, Emile"]
[Result "0-1"]
[WhiteElo "1875"]
[BlackElo "2288"]
[PlyCount "84"]
[EventDate "2020.05.16"]
[EventType "swiss (blitz)"]
[EventRounds "15"]
[EventCountry "FRA"]
[SourceTitle "CBM 196 Extra"]
[Source "ChessBase"]
[SourceDate "2020.07.31"]
[SourceVersion "1"]
[SourceVersionDate "2020.07.31"]
[SourceQuality "1"]

1. c4 Nf6 2. Nc3 e6 3. g3 d5 4. cxd5 exd5 5. d4 Bd6 6. Bg2 c6 7. Bd2 0-0 8. Nf3 Nbd7 9. 0-0 Re8 10. Qc2 Nf8 11. Rfe1 g6 12. Bg5 Bf5 13. Qb3 Rb8 14. Nh4 Bd7 15. e4 dxe4 16. Nxe4 Be7 17. Bxf6 Bxf6 18. Rad1 Be6 19. Nxf6+ Qxf6 20. Qa3 a6 21. Nf3 Bd5 22. Ne5 Rxe5 23. dxe5 Qe6 24. Bxd5 cxd5 25. Qd6 Rc8 26. Qxd5 Qb6 27. Re2 Ne6 28. Qd6 Qb5 29. Qd3 Qa4 30. Qd7 Qc4 31. Qd3 Qg4 32. Qe4 Qh5 33. Red2 Ng5 34. Rd8+ Rxd8 35. Rxd8+ Kg7 36. Qg2 Qe2 37. Qf1 Nf3+ 38. Kg2 Ne1+ 39. Kg1 Nf3+ 40. Kg2 Qe4 41. Kh3 h5 42. Rd3 Ng5# 0-1

[Event "Noisiel op 5th"]
[Site "Noisiel"]
[Date "2020.02.18"]
[Round "6"]
[White "Toure, Vasanth"]
[Black "Bassini, Emile"]
[Result "0-1"]
[WhiteElo "2115"]
[BlackElo "2244"]
[PlyCount "56"]
[EventDate "2020.02.15"]
[EventType "swiss"]
[EventRounds "9"]
[EventCountry "FRA"]
[SourceTitle "CBM 195 Extra"]
[Source "ChessBase"]
[SourceDate "2020.05.31"]
[SourceVersion "1"]
[SourceVersionDate "2020.05.31"]
[SourceQuality "1"]

1. e4 c5 2. Nf3 d6 3. d4 cxd4 4. Nxd4 Nf6 5. Nc3 a6 6. h4 e5 7. Nb3 Be6 8. f4 exf4 9. Bxf4 Nc6 10. Qd2 Be7 11. 0-0-0 Ne5 12. Nd4 g6 13. Nxe6 fxe6 14. Bxe5 dxe5 15. Qe3 Qc7 16. Be2 Rc8 17. g4 Bc5 18. Qd3 Bd4 19. h5 g5 20. Nb1 Ke7 21. c3 Qa5 22. Nd2 Qxa2 23. Qb1 Qa4 24. Qc2 Qa1+ 25. Qb1 Rxc3+ 26. bxc3 Qxc3+ 27. Qc2 Qa3+ 28. Kb1 Qa1# 0-1

[Event "Noisiel op 5th"]
[Site "Noisiel"]
[Date "2020.02.17"]
[Round "4"]
[White "Bassini, Emile"]
[Black "Noblecourt, Nicolas"]
[Result "1-0"]
[WhiteElo "2244"]
[BlackElo "1918"]
[PlyCount "91"]
[EventDate "2020.02.15"]
[EventType "swiss"]
[EventRounds "9"]
[EventCountry "FRA"]
[SourceTitle "CBM 195 Extra"]
[Source "ChessBase"]
[SourceDate "2020.05.31"]
[SourceVersion "1"]
[SourceVersionDate "2020.05.31"]
[SourceQuality "1"]

1. e4 g6 2. d4 Nf6 3. e5 Nh5 4. Bc4 d6 5. Nf3 dxe5 6. Nxe5 e6 7. 0-0 Bg7 8. Qf3 0-0 9. Rd1 c6 10. Nc3 Nd7 11. Nxd7 Bxd7 12. Ne4 h6 13. c3 Kh7 14. a4 b6 15. a5 f5 16. Nd2 Nf6 17. Re1 Qc7 18. Nb3 g5 19. h4 g4 20. Qf4 Qxf4 21. Bxf4 Nh5 22. Bc7 b5 23. Bxe6 Bxe6 24. Rxe6 Rf7 25. Be5 Rc8 26. Nc5 Bxe5 27. dxe5 g3 28. f3 Nf4 29. Rd6 Re7 30. e6 Kg7 31. Kf1 h5 32. Re1 Ng6 33. Rd7 Kf6 34. Red1 Rce8 35. R1d6 Nxh4 36. Rxc6 Ng6 37. Ra6 Ra8 38. Rxe7 Kxe7 39. Nd3 h4 40. Nb4 Ne5 41. Nd5+ Kf8 42. e7+ Kf7 43. Nc7 Rc8 44. e8Q+ Rxe8 45. Nxe8 Kxe8 46. Re6+ 1-0

[Event "FRA-ch U14"]
[Site "Agen"]
[Date "2018.04.22"]
[Round "9"]
[White "Bassini, Emile"]
[Black "Boyer, Mahel"]
[Result "1-0"]
[WhiteElo "2021"]
[BlackElo "2208"]
[PlyCount "77"]
[EventDate "2018.04.15"]
[EventType "swiss"]
[EventRounds "9"]
[EventCountry "FRA"]
[SourceTitle "EXT 2019"]
[Source "ChessBase"]
[SourceDate "2018.10.10"]
[SourceVersion "1"]
[SourceVersionDate "2018.10.10"]
[SourceQuality "1"]

1. e4 Nc6 2. Nf3 d6 3. d4 Nf6 4. Nc3 g6 5. h3 Bg7 6. Be3 0-0 7. Qd2 a6 8. a4 e5 9. dxe5 dxe5 10. Qxd8 Rxd8 11. Rd1 Be6 12. Ng5 Nd4 13. Rd2 b5 14. Nxe6 fxe6 15. Bd3 c6 16. 0-0 Nh5 17. Ne2 Rd7 18. Ra1 Rad8 19. Bxd4 exd4 20. axb5 axb5 21. Ra6 Rc7 22. Rd1 Kf7 23. Rda1 Nf6 24. f4 Rdd7 25. g4 Ne8 26. e5 g5 27. Bxh7 gxf4 28. Nxf4 Bxe5 29. Bg6+ Ke7 30. Bxe8 Kxe8 31. Nxe6 Rc8 32. Re1 Bg3 33. Re4 d3 34. cxd3 Kf7 35. Nd4 c5 36. Nf5 Bb8 37. Rh6 Rg8 38. Rh7+ Kf6 39. Rxd7 1-0

[Event "FRA-chT U16"]
[Site "Dieppe"]
[Date "2015.??.??"]
[Round "?"]
[White "Venard, Gautier"]
[Black "Bassini, Emile"]
[Result "0-1"]
[WhiteElo "1713"]
[BlackElo "1580"]
[PlyCount "44"]
[EventDate "2015.05.??"]
[EventType "team-tourn"]
[EventRounds "6"]
[EventCountry "FRA"]
[SourceTitle "EXT 2016"]
[Source "ChessBase"]
[SourceDate "2015.10.08"]
[SourceVersion "1"]
[SourceVersionDate "2015.10.08"]
[SourceQuality "1"]

1. d4 d5 2. c4 c6 3. Nf3 Nf6 4. Nc3 dxc4 5. a4 Bf5 6. e3 e6 7. Bxc4 Bb4 8. 0-0 Nbd7 9. Qe2 0-0 10. e4 Bg6 11. Bd3 Bh5 12. Bg5 e5 13. dxe5 Nxe5 14. Rfd1 Qa5 15. Rac1 Nxf3+ 16. gxf3 Qxg5+ 17. Kh1 Qf4 18. Qe3 Bxf3+ 19. Kg1 Qxe3 20. fxe3 Bxc3 21. bxc3 Bxd1 22. Rxd1 Rad8 0-1

[Event "EU Union-ch U10"]
[Site "Kouty nad Desnou"]
[Date "2014.09.01"]
[Round "6"]
[White "Bassini, Emile"]
[Black "Vantuch, Lucian"]
[Result "1-0"]
[WhiteElo "1569"]
[BlackElo "1469"]
[PlyCount "45"]
[EventDate "2014.08.27"]
[EventType "swiss"]
[EventRounds "9"]
[EventCountry "CZE"]
[SourceTitle "CBM 162 Extra"]
[Source "ChessBase"]
[SourceDate "2014.10.17"]
[SourceVersion "1"]
[SourceVersionDate "2014.10.17"]
[SourceQuality "1"]

1. e4 c5 2. Nf3 d6 3. d4 cxd4 4. Qxd4 Nc6 5. Bb5 Bd7 6. Bxc6 bxc6 7. 0-0 Nf6 8. e5 dxe5 9. Nxe5 c5 10. Qc4 e6 11. Rd1 Nd5 12. Nxd7 Qxd7 13. Nc3 Rd8 14. Bg5 f6 15. Bf4 Be7 16. Rd3 Qc6 17. Rad1 Nxf4 18. Rxd8+ Bxd8 19. Qxf4 0-0 20. Rd6 Qb7 21. Rxe6 Qxb2 22. Qc4 Qa1+ 23. Re1+ 1-0

[Event "EU Union-ch U10"]
[Site "Kouty nad Desnou"]
[Date "2014.08.31"]
[Round "5"]
[White "Bassini, Emile"]
[Black "Dumitrescu, Matei Pavel"]
[Result "1/2-1/2"]
[WhiteElo "1569"]
[BlackElo "1692"]
[PlyCount "93"]
[EventDate "2014.08.27"]
[EventType "swiss"]
[EventRounds "9"]
[EventCountry "CZE"]
[SourceTitle "CBM 162 Extra"]
[Source "ChessBase"]
[SourceDate "2014.10.17"]
[SourceVersion "1"]
[SourceVersionDate "2014.10.17"]
[SourceQuality "1"]

1. e4 c5 2. Nf3 g6 3. d4 cxd4 4. Nxd4 Bg7 5. Nc3 Nc6 6. Be3 Nf6 7. f3 0-0 8. Qd2 d5 9. Nxc6 bxc6 10. 0-0-0 e6 11. Bh6 Rb8 12. Bxg7 Kxg7 13. Qd4 Qc7 14. exd5 exd5 15. g4 Qb6 16. Qxb6 axb6 17. Bd3 Nd7 18. Rhe1 Nc5 19. b4 Nxd3+ 20. Rxd3 b5 21. Re7 Rb7 22. Rxb7 Bxb7 23. Ne2 f6 24. Nd4 Kf7 25. Nb3 Re8 26. Nc5 Bc8 27. Kd2 g5 28. Re3 Rxe3 29. Kxe3 Ke7 30. Kd4 Kd6 31. Nb3 Bd7 32. Nd2 Be8 33. Nf1 Bg6 34. Ne3 h5 35. Nf5+ Kd7 36. c3 Bxf5 37. gxf5 Kd6 38. h3 h4 39. a3 Kd7 40. Kd3 Kd6 41. Kd4 Kd7 42. Ke3 Kd6 43. f4 gxf4+ 44. Kxf4 c5 45. Kg4 c4 46. Kf4 Kc6 47. Ke3 1/2-1/2

[Event "Agneaux St Lo op U20 16th"]
[Site "Agneaux"]
[Date "2014.07.12"]
[Round "8"]
[White "Bassini, Emile"]
[Black "Niepceron, Luc"]
[Result "0-1"]
[WhiteElo "1540"]
[BlackElo "1822"]
[PlyCount "44"]
[EventDate "2014.07.06"]
[EventType "swiss"]
[EventRounds "9"]
[EventCountry "FRA"]
[SourceTitle "EXT 2015"]
[Source "ChessBase"]
[SourceDate "2014.11.20"]
[SourceVersion "1"]
[SourceVersionDate "2014.11.20"]
[SourceQuality "1"]

1. e4 e6 2. c4 c5 3. Nc3 Nc6 4. Nf3 d6 5. d4 cxd4 6. Nxd4 Nf6 7. Be2 Be7 8. 0-0 0-0 9. Be3 a6 10. f3 Qc7 11. Qe1 Rd8 12. Qg3 Nh5 13. Qg4 g6 14. Nxc6 bxc6 15. Bg5 e5 16. Qh4 Bxg5 17. Qxg5 Nf4 18. Rfd1 Bb7 19. b3 Qa5 20. Rac1 Kg7 21. Qe7 Rab8 22. Rxd6 Qc5+ 0-1